00510nam a2200145 i 450000100060000000300090000600500170001500700030003200800410003510000340007624501260011026000740023630000210031085200330033159257ES-MaACL20230906164010.0t|031028s1952 gw ||||1| ger d1 aElías de Tejada, Francisco.10aSacrum Imperium und nebertaatliche b: ordnung eine rede, am 6 August 1952, gehalten / cvon Francisco Elías de Tejada. aLichstatt : bAbendlandische Akademie, c1952 (eSevilla : fE.H.A.G) a29 p. ; c15 cm. aES-MaACLj1967-F-1 bR.34372